El actor y la diana / (Record no. 194098)

MARC details
000 -LEADER
campo de control de longitud fija 01510nam a2200421 i 4500
001 - NÚMERO DE CONTROL
campo de control 194098
003 - IDENTIFICADOR DE NÚMERO DE CONTROL
campo de control SpMaBN
005 - FECHA Y HORA DE LA ÚLTIMA TRANSACCIÓN
campo de control 20250812014236.0
007 - CAMPO FIJO DE DESCRIPCIÓN FÍSICA--INFORMACIÓN GENERAL
campo de control de longitud fija ta
008 - DATOS DE LONGITUD FIJA--INFORMACIÓN GENERAL
campo de control de longitud fija 240410s2007 sp | |||| 000 0 spa
017 ## - NÚMERO DE COPYRIGHT O DE DEPÓSITO LEGAL
Número de copyright o de depósito legal B 39534-2015
Agencia que asigna Oficina Depósito Legal Barcelona
020 ## - NÚMERO INTERNACIONAL ESTÁNDAR DEL LIBRO
Número Internacional Estándar del Libro 9788424510312
035 ## - NÚMERO DE CONTROL DEL SISTEMA
Número de control de sistema (OCoLC)951091587
035 ## - NÚMERO DE CONTROL DEL SISTEMA
Número de control de sistema a5797482
040 ## - FUENTE DE CATALOGACIÓN
Centro catalogador/agencia de origen SpMaBN
Lengua de catalogación spa
Centro/agencia transcriptor SpMaBN
Normas de descripción rdc
Centro/agencia modificador ES-MaACL
080 ## - NÚMERO DE LA CLASIFICACIÓN DECIMAL UNIVERSAL
Número de la Clasificación Decimal Universal 792.028:37.02
100 1# - ENTRADA PRINCIPAL--NOMBRE DE PERSONA
Nombre de persona Donnellan, Declan,
Fechas asociadas al nombre 1953-
Número de control del registro de autoridad o número normalizado XX1712542
9 (RLIN) 235740
245 13 - MENCIÓN DEL TÍTULO
Título El actor y la diana /
Mención de responsabilidad, etc. Declan Donnellan ; traducción y notas de Ignacio García May.
250 ## - MENCION DE EDICION
Mención de edición 2a ed.
260 ## - PUBLICACIÓN, DISTRIBUCIÓN, ETC.
Lugar de publicación, distribución, etc. Madrid :
Nombre del editor, distribuidor, etc. Fundamentos,
Fecha de publicación, distribución, etc. 2007.
300 ## - DESCRIPCIÓN FÍSICA
Extensión 190 p. ;
Dimensiones 24 cm
336 ## - TIPO DE CONTENIDO
Término de tipo de contenido Texto (visual)
Fuente isbdcontent
337 ## - TIPO DE MEDIO
Nombre/término del tipo de medio sin mediación
Fuente isbdmedia
338 ## - TIPO DE SOPORTE
Fuente rdacarrier
Nombre/término del tipo de soporte volumen
490 1# - MENCIÓN DE SERIE
Mención de serie Ensayos y manuales RESAD
490 1# - MENCIÓN DE SERIE
Mención de serie Colección Arte
Designación de volumen o secuencia 146.
Mención de serie Serie Teoría teatral
500 ## - NOTA GENERAL
Nota general Traducción de: The actor and the target
650 #0 - PUNTO DE ACCESO ADICIONAL DE MATERIA--TÉRMINO DE MATERIA
Término de materia o nombre geográfico como elemento de entrada Arte dramático-
Subdivisión general Estudio y enseñanza
9 (RLIN) 235741
830 ## - PUNTO DE ACCESO ADICIONAL DE SERIE-TÍTULO UNIFORME
Título uniforme Ensayos y manuales RESAD
9 (RLIN) 235742
830 #0 - PUNTO DE ACCESO ADICIONAL DE SERIE-TÍTULO UNIFORME
Título uniforme Colección Arte (Editorial Fundamentos)
9 (RLIN) 235717
830 #0 - PUNTO DE ACCESO ADICIONAL DE SERIE-TÍTULO UNIFORME
Título uniforme Colección Arte (Editorial Fundamentos)
Designación de volumen o secuencia 146
9 (RLIN) 235717
852 ## - LOCALIZACIÓN
Ubicación Es-MaACL
Ubicación en estantería Depósito 2
Número de control de estantería A-15318
Donativo/Legado Donación: Candela Arroyo
itemnumber 201621
903 ## - NOMBRE PERSONAL DE DONANTE
9 235711
a Arroyo, Candela
e Donante
942 ## - ELEMENTOS DE ENTRADA SECUNDARIOS (KOHA)
Suprimir en OPAC No
Tipo de ítem Koha Libro impreso
Holdings
Estatus retirado Estado de pérdida Fuente del sistema de clasificación o colocación Estado de daño No para préstamo Biblioteca de origen Biblioteca actual Ubicación en estantería Fecha de adquisición Fuente de adquisición Total de préstamos Signatura topográfica completa Código de barras Visto por última vez Precio de reemplazo Tipo de ítem Koha
    Clasificación decimal universal     Biblioteca del Ateneo de Madrid Biblioteca del Ateneo de Madrid Depósito 2 10/04/2024 Donación   A-15318 101207055 10/04/2024 10/04/2024 Libro impreso